000 00345nam a2200145Ia 4500
008 150201s2009 xx 000 0 und d
082 _a618.92
_bM09S
100 _aSINGH,MEHARBAN
245 2 _aA MANUAL OF ESSENTIAL OF PEDIATRICS
250 _a1ST
260 _bSAGAR
_aDELHI
_c2009
300 _a1-609
650 _aPAEDIATRICS
942 _2ddc
_cBK
999 _c537
_d537